A carregar...

Indiayile veerathmaakal /

Detalhes bibliográficos
Autor principal: Nair, S. V.
Formato: Printed Book
Idioma:Malayalam
Publicado em: Vidya Vilasini Book Dippo , 1957.
LEADER 00410nam a2200133Ia 4500
008 150624b xxu||||| |||| 00| | mal d
100 |a Nair, S. V. 
245 |c S. V. Nair  |a Indiayile veerathmaakal / 
260 |b Vidya Vilasini Book Dippo ,  |c 1957. 
300 |a 176 p. 
546 |a In Malayalam. 
942 |c BK 
999 |c 75579  |d 75579 
952 |0 1  |1 0  |4 0  |7 0  |9 75523  |a UL  |b UL  |c ST1  |d 1998-08-28  |l 0  |p 25209  |r 2012-10-27  |w 2012-10-27  |y BK